000
00259nam a22001097a 4500
008
170125b xxu||||| |||| 00| 0 eng d
020
_a
9780721632223
041
_a
eng
080
_a
618.2
245
_a
SAUNDERS REVIEW OF FAMILY PRACTICE
_c
BOPE
942
_2
udc
_c
BK
999
_c
3605
_d
3605